000 00333 a2200073 4500
245 0 _aHandwoerterbuch des elektrischen Fernmeldewesens :
_bQ-Z /
_cGerwig H..
_nBd. 3
710 2 _aBundesministerium fuer das Post- und Fernmeldewesen.
_eWydawca
_4pbl
260 _aBerlin :
_bBundesministerium fuer das Post- und Fernmeldewesen,
_c1970.
300 _a1335-1978 s.;
_c25 cm.
999 _c6147
_d6147